000 00748nam a2200193Ii 4500
003 JO-AjNU
008 230605s9999||||xx |||||||||||||| ||und||
040 _aJO-AjNU
_bara
_erda
_cJO-AjNU
041 _aara
050 1 4 _aQR75.A27 1983
100 3 _aابو الدهب ، مصطفى كمال/ م. مشارك محمد عبد القادر الجعراني ,
_eauthor
_936783
245 0 0 _aالبكتيريا التمارين المعملية الاساسية
264 3 1 _aالاسكندرية:دار المطبوعات الجديدة ، 1983
300 _a217ص
336 _atext
_btxt
_2rdacontent
337 _aunmediated
_bn
_2rdamedia
338 _avolume
_bnc
_2rdacarrier
650 4 _aالاحياء الدقيقة -بكتيريا
_936784
999 _aA15313
_c18881
_d18881